[Event "Weggis Seniors op 6th"]
[Site "Weggis"]
[Date "2006.04.??"]
[Round "?"]
[White "Fringeli, Eduard"]
[Black "Holliger, Roland"]
[Result "0-1"]
[WhiteElo "1717"]
[BlackElo "1626"]
[PlyCount "52"]
[EventDate "2006.04.24"]
[EventType "swiss"]
[EventRounds "9"]
[EventCountry "SUI"]
[SourceTitle "EXT 2007"]
[Source "ChessBase"]
[SourceDate "2006.11.23"]
[SourceVersion "1"]
[SourceVersionDate "2006.11.23"]
[SourceQuality "1"]

1. d4 d5 2. e3 Nf6 3. c4 c6 4. Nc3 Bg4 5. Qc2 Nbd7 6. Bd3 dxc4 7. Bxc4 b5 8. Bd3 Rc8 9. b4 e6 10. a3 Bd6 11. f3 Bh5 12. Nge2 e5 13. e4 exd4 14. Nxd4 Be5 15. Nde2 a6 16. Bb2 Qc7 17. h3 c5 18. bxc5 Nxc5 19. Rc1 0-0 20. Qb1 Rfd8 21. Bc2 Bg3+ 22. Kf1 Be5 23. g4 Bg6 24. Kg2 Rd2 25. Rhd1 Bxc3 26. Bxc3 Rxe2+ 0-1